000
00320 a2200109 4500
001
ART_26208
005
20260410161937.0
008
260409a
245
1
0
_a
El costeo basado en la actividad en las universidades
100
1
_a
Ficco, Cecilia Rita
773
0
_t
SaberEs
_g
- NÂș 3 (jun. 2011)
_w
REV26089
999
_c
29100
_d
29100